| 000 | 00497 a2200157 4500 | ||
|---|---|---|---|
| 005 | 20250628044511.0 | ||
| 020 | _a0-8213-1751-2 | ||
| 082 | _a338.91 WAR | ||
| 100 | _aWARD,W.A. | ||
| 245 | _aThe Economics of Project Analysis: A Practioner's Guide | ||
| 260 |
_aWashington DC, _bThe International Bank for Reconstruction and Development/The World Bank, _c1991. |
||
| 300 |
_axi,318p. _bBibliography and Index _c28cm |
||
| 700 | _aDeren,Barry J. | ||
| 700 | _aD'Silva,Emmanuel H. | ||
| 942 |
_2ddc _cBKS |
||
| 999 |
_c5786 _d5786 |
||